00983nam a22002417a 45000010005000000030006000050050017000110080041000280200018000690400029000870500015001160820011001311000015001422450036001572500049001932600043002423000055002854900036003405200249003766500039006257000044006647000033007087886FISKH20250813091336.0250813b cb ||||| |||| 00| 0 eng d a9781405334945 aFISKHbengcFISKHdFISKH aDT61 .H284 a932.01 aGreen, Jen aAncient Egypt / cBy Jen Green  aFirst published in the United States in 2008 aLondon :bDorling Kindersley , c2009. a46 pages : bcolor illustrations, maps ;c28 cm .  aDK Eyewitness Project Booksv23 aA photo essay on ancient Egypt and the people who lived there, documented through the mummies, pottery, weapons, and other objects they left behind. Describes their society, religion, obsession with the afterlife, and methods of mummification.  aAncient civilizationsvNon-fiction aBooth, Charlotte eEditorial Consultant aHuston, Rob eSenior Editor